| 000 | 01153naa a22002897a 4500 | ||
|---|---|---|---|
| 001 | BR9212451 | ||
| 003 | BR-BrBNA | ||
| 005 | 20240918181642.0 | ||
| 007 | ta | ||
| 008 | 230509b bl.||||| |||| 00| 0 por d | ||
| 040 |
_aBR-BrBNA _bpor _cBiblioteca Nacional de Agricultura |
||
| 041 | _a(Pt) | ||
| 072 |
_aF03; K10 _b3575 |
||
| 090 | _aF03 BR9212451 | ||
| 100 | 1 | _aRodrigues, F.C.M.P. | |
| 111 | 1 |
_a2. Simposio Brasileiro sobre Tecnologia de Sementes Florestais _cAtibaia, SP (Brazil) _d16-19 Oct 1989 |
|
| 245 | 1 | _aObservacoes sobre os padroes de dispersao de frutos e estabelecimento de Dialum guianensis (Jataipeba - Leg. Caesalp.) | |
| 260 | 3 |
_aSao Paulo, SP (Brasil): _c1991. |
|
| 500 | _aAnais do 2. Simposio Brasileiro sobre Tecnologia de Sementes Floretais Sao Paulo, SP (Brasil): 1991. p. 277 (BR9212451-AM)F03 | ||
| 650 | _aSemente | ||
| 650 | _aDispersao de Semente | ||
| 650 | _aReflorestamento | ||
| 650 | _aRegeneracao | ||
| 773 | 0 |
_tAnais do 2. Simposio Brasileiro sobre Tecnologia de Sementes Floretais _wF03 BR9212451 _gSao Paulo, SP (Brasil), 1991. p. 277 |
|
| 909 |
_a202404 _bLucia _c55 _dLucia Elande |
||
| 942 |
_cAM _2AGRIS |
||
| 999 |
_c326227 _d326227 |
||